| 000 -LEADER |
| fixed length control field |
00339nam a22000977a 4500 |
| 008 - FIXED-LENGTH DATA ELEMENTS--GENERAL INFORMATION |
| fixed length control field |
160222b xxu||||| |||| 00| 0 eng d |
| 100 ## - MAIN ENTRY--AUTHOR'S NAME |
| Author's Name |
Sollors, Kuno |
| 245 ## - TITLE STATEMENT |
| Title |
Nichtpostalische Flugmarken Katalogisierung - Teil 7 Zepplin, Parseval & andere Luftschiffe |
| Remainder of title |
Non-postal Air Mail stamps |
| 260 ## - PUBLICATION, DISTRIBUTION, ETC. (IMPRINT) |
| Place of publication, distribution, etc. |
Rembrucken, Germany |
| Date of publication, distribution, etc. |
1973 |
| 650 ## - TOPICAL TERM (Tag) |
| Topical term or geographic name |
Zeppelin |